Kurchany chwały: o kopcach krakowskich, podkrakowskich i nie tylko/

Saved in:
Bibliographic Details
Main Author: Sala, Bartłomiej.
Format: Book
Language:Polish
Published: Warszawa: Wydawnictwo CM, 2017.
Edition:Wyd. 1.
Subjects:
Tags: Add Tag
No Tags, Be the first to tag this record!
LEADER 00621cam a22001933a 4500
001 13044310
005 20180212160858.0
008 171220s2017 pl |||||||||||||| ||pol
020 |a 9788365499912 
035 |a (PlWaKWL)lx2017068098 
040 |a PlWaKWL  |c PlWaKWL 
100 1 |a Sala, Bartłomiej. 
245 1 0 |a Kurchany chwały:  |b o kopcach krakowskich, podkrakowskich i nie tylko/  |c Bartłomiej Grzegorz Sala. 
250 |a Wyd. 1. 
260 |a Warszawa:  |b Wydawnictwo CM,  |c 2017. 
300 |a 348 p.:  |b photos, tables ;  |c 21 cm. 
546 |a Polish text. 
650 4 |a Kopce  |z Kraków (Polska ; region). 
852 8 0 |b glx4off  |h 18FEB  |i 44310